000
00297nam a22001337a 4500
008
170522b xxu||||| |||| 00| 0 eng d
020
_a
0691094233
041
_a
eng
080
_a
94(4)
100
_a
16
101
_a
SHH
245
_a
GENDER&POWER IN RURAL GREECE
_c
DUBICSH, J
942
_2
udc
_c
BK
999
_c
13790
_d
13790